TSN a OPC UA v Industry 4.0

Guardado en:
Detalles Bibliográficos
Autor principal: Ondirko, Sebastián Nikolas (Autor)
Otros Autores: Drahoš, Peter (Orientador)
Formato: Manuscrito Libro
Lenguaje:eslovaco
Publicado: 2025
Materias:
Acceso en línea:http://is.stuba.sk/zp/portal_zp.pl?podrobnosti=186023
Etiquetas: Agregar Etiqueta
Sin Etiquetas, Sea el primero en etiquetar este registro!

MARC

LEADER 00000ntm a22000003a 4500
001 stuzp101801
003 SK-STU
005 20250614210823.8
007 ta
008 150427s2015----xo-----f-mn---000-0-slo-d
040 |a STU  |b slo 
041 0 |a slo 
100 1 |a Ondirko, Sebastián Nikolas  |u 030400  |4 aut  |U FEI Fakulta elektrotechniky a informatiky  |T FEI Ústav automobilovej mechatroniky  |X 98279  |U E400  |Y 642  |7 98279 
242 0 1 |a TSN and OPC UA in Industry 4.0  |y eng 
245 1 0 |a TSN a OPC UA v Industry 4.0 
260 |c 2025 
650 4 |a OPC UA FX  |2 eng 
650 4 |a TSN  |2 eng 
650 4 |a GNS3  |2 eng 
650 4 |a Raspberry Pi  |2 eng 
650 4 |a B&R  |2 eng 
650 4 |a Raspberry Pi  |2 slo 
650 4 |a B&R  |2 slo 
650 4 |a GNS3  |2 slo 
650 4 |a TSN  |2 slo 
650 4 |a OPC UA FX  |2 slo 
700 1 |a Drahoš, Peter  |u 030400  |k Z1  |4 ths  |U FEI Fakulta elektrotechniky a informatiky  |T FEI Ústav automobilovej mechatroniky  |X 3709  |U E400  |Y 642  |7 A000003709 
856 4 |u http://is.stuba.sk/zp/portal_zp.pl?podrobnosti=186023